[Event "Kirov-ch"]
[Site "Kirov"]
[Date "2016.04.05"]
[Round "5"]
[White "Bakhtin, Andrei"]
[Black "Bulavin, Alexander"]
[Result "0-1"]
[WhiteElo "1697"]
[BlackElo "2303"]
[PlyCount "54"]
[EventDate "2016.04.01"]
[EventType "swiss"]
[EventRounds "9"]
[EventCountry "RUS"]
[SourceTitle "CBM 172 Extra"]
[Source "ChessBase"]
[SourceDate "2016.06.21"]
[SourceVersion "1"]
[SourceVersionDate "2016.06.21"]
[SourceQuality "1"]

1. c4 e5 2. Nc3 Bb4 3. e4 Nf6 4. Bd3 0-0 5. Nge2 d6 6. Bc2 Nc6 7. 0-0 Bc5 8. d3 h6 9. Qe1 a5 10. Kh1 Ng4 11. f3 Ne3 12. Bxe3 Bxe3 13. g4 Nd4 14. Bd1 c6 15. Qg3 Ne6 16. Bb3 Qb6 17. Na4 Qa7 18. Rad1 Bd7 19. h4 g6 20. d4 Nxd4 21. Nxd4 Bxd4 22. c5 dxc5 23. f4 c4 24. Bc2 b5 25. Nc3 exf4 26. Qxf4 Bg7 27. e5 c5 0-1

[Event "Novosibirsk op 03"]
[Site "Novosibirsk"]
[Date "2009.03.31"]
[Round "9"]
[White "Bakhtin, Andrei"]
[Black "Romanov, Viktor"]
[Result "0-1"]
[WhiteElo "1697"]
[BlackElo "1970"]
[PlyCount "86"]
[EventDate "2009.03.17"]
[EventType "swiss"]
[EventRounds "9"]
[EventCountry "RUS"]
[SourceTitle "EXT 2012"]
[Source "ChessBase"]
[SourceDate "2011.11.24"]
[SourceVersion "1"]
[SourceVersionDate "2011.11.24"]
[SourceQuality "1"]

1. e4 b6 2. d4 e6 3. Bd3 Bb7 4. Nc3 Be7 5. Nf3 d6 6. 0-0 Nf6 7. Qe2 Nfd7 8. Be3 c5 9. dxc5 bxc5 10. Nd2 Nc6 11. f4 Nb4 12. f5 0-0 13. fxe6 fxe6 14. Qg4 Ne5 15. Qxe6+ Kh8 16. Rxf8+ Bxf8 17. Nc4 Nexd3 18. cxd3 Nc2 19. Rf1 Nxe3 20. Nxe3 Ba6 21. Nc4 Rb8 22. b3 g6 23. Rf7 Rb7 24. Rxb7 Bxb7 25. Nd5 Bc8 26. Qf6+ Qxf6 27. Nxf6 Be6 28. Ne8 d5 29. Nc7 dxc4 30. Nxe6 c3 31. Nf4 c2 32. Ne2 Bh6 33. Kf2 c1Q 34. Nxc1 Bxc1 35. Ke2 Kg7 36. Kd1 Bb2 37. Kc2 Bd4 38. a3 Kf6 39. b4 cxb4 40. axb4 Ke5 41. Kb3 Bg1 42. h3 Kd4 43. Kc2 a6 0-1

[Event "Novosibirsk op 03"]
[Site "Novosibirsk"]
[Date "2009.03.27"]
[Round "7"]
[White "Bakhtin, Andrei"]
[Black "Tulupov, Mikhail"]
[Result "1-0"]
[WhiteElo "1697"]
[BlackElo "1712"]
[PlyCount "55"]
[EventDate "2009.03.17"]
[EventType "swiss"]
[EventRounds "9"]
[EventCountry "RUS"]
[SourceTitle "EXT 2012"]
[Source "ChessBase"]
[SourceDate "2011.11.24"]
[SourceVersion "1"]
[SourceVersionDate "2011.11.24"]
[SourceQuality "1"]

1. e4 c5 2. Nf3 e6 3. d4 cxd4 4. Nxd4 Nc6 5. Nc3 Bb4 6. Ndb5 d6 7. a3 Bxc3+ 8. Nxc3 a6 9. Be2 Nf6 10. Bg5 e5 11. Nd5 Be6 12. Bc4 Bxd5 13. Bxd5 h6 14. Bxf6 Qxf6 15. c3 0-0 16. Qd2 Rab8 17. h4 Ne7 18. Bb3 Ng6 19. 0-0-0 Rfd8 20. Rh3 Nf4 21. Rf3 Qxh4 22. g3 Qg4 23. Qe3 Ne6 24. Rf5 Re8 25. Rh1 Ng5 26. Rh4 Qxf5 27. exf5 Kh8 28. f6 1-0